书目信息 |
| 题名: |
江苏城乡收入差距缩小与农业现代化发展研究
|
|
| 作者: | 陈学法 著 | |
| 分册: | ||
| 出版信息: | 广州 世界图书出版广东有限公司 2018.1 |
|
| 页数: | 274页 | |
| 开本: | 24cm | |
| 丛书名: | ||
| 单 册: | ||
| 中图分类: | F126.2 , F327.53 | |
| 科图分类: | ||
| 主题词: | 居民收入--城乡差别--研究--江苏 , 农业现代化--农业发展--研究--江苏 | |
| 电子资源: | ||
| ISBN: | 978-7-5192-4267-1 | |
| 000 | 01536nam0 2200253 45 | |
| 001 | 012001000003 | |
| 005 | 20140920091301.0 | |
| 010 | @a978-7-5192-4267-1@dCNY62.00 | |
| 100 | @a20180118d2018 em y0chiy0110 ea | |
| 101 | 0 | @achi |
| 102 | @aCN@b440000 | |
| 105 | @ay z 000yy | |
| 106 | @ar | |
| 200 | 1 | @a江苏城乡收入差距缩小与农业现代化发展研究@9Jiang Su Cheng Xiang Shou Ru Cha Ju Suo Xiao Yu Nong Ye Xian Dai Hua Fa Zhan Yan Jiu@f陈学法著 |
| 210 | @a广州@c世界图书出版广东有限公司@d2018.1 | |
| 215 | @a274页@d24cm | |
| 330 | @a本书运用了生产决定分配的经济学原理对我国二元经济转型中城乡居民收入差距缩小与农业现代化发展之间关系展开理论研究,选题新颖、科学,具有重要的理论意义;所研究的内容充实,对城乡收入差距的现状、问题、原因、变动趋势以江苏为例给予了细致的描述并进行了深入的分析和探讨;研究视角独特、思路清晰、结构合理、方法得当并有所创新;把马克思主义经济学理论与中国改革实践紧密结合起来,提出了一系列创新性并对实践有指导意义的观点,具有重要的学术价值和应用价值。本书的创新性观点主要有:第一,认为按要素分配与按劳分配并不相悖,农民凭借土地产权获得财产性收入是合情合理的;第二,首次提出农民承包地物质上的物权和级差收益应归国家所有、土地资本上的财权和经营收益应归农民所有;第三,首次提出应将农民宅基地指标随人口流动改革作为户籍和土地制度结合起来进行系统改革的突破口。 | |
| 606 | 0 | @a居民收入@x城乡差别@x研究@x江苏 |
| 606 | 0 | @a农业现代化@x农业发展@x研究@x江苏 |
| 690 | @aF126.2@v5 | |
| 690 | @aF327.53@v5 | |
| 701 | 0 | @a陈学法@9Chen Xue Fa@4著 |
| 801 | 0 | @aCN@b上海新华@c20180901 |
| 905 | @b1040005-09@dF126.2@e326@f5 | |
| 江苏城乡收入差距缩小与农业现代化发展研究/陈学法著.-广州:世界图书出版广东有限公司,2018.1 |
| 274页;24cm |
| ISBN 978-7-5192-4267-1:CNY62.00 |
| 本书运用了生产决定分配的经济学原理对我国二元经济转型中城乡居民收入差距缩小与农业现代化发展之间关系展开理论研究,选题新颖、科学,具有重要的理论意义;所研究的内容充实,对城乡收入差距的现状、问题、原因、变动趋势以江苏为例给予了细致的描述并进行了深入的分析和探讨;研究视角独特、思路清晰、结构合理、方法得当并有所创新;把马克思主义经济学理论与中国改革实践紧密结合起来,提出了一系列创新性并对实践有指导意义的观点,具有重要的学术价值和应用价值。本书的创新性观点主要有:第一,认为按要素分配与按劳分配并不相悖,农民凭借土地产权获得财产性收入是合情合理的;第二,首次提出农民承包地物质上的物权和级差收益应归国家所有、土地资本上的财权和经营收益应归农民所有;第三,首次提出应将农民宅基地指标随人口流动改革作为户籍和土地制度结合起来进行系统改革的突破口。 |
| ● |
| 相关链接 |
|
|
|
|
正题名:江苏城乡收入差距缩小与农业现代化发展研究
索取号:F126.2/326
 
预约/预借
| 序号 | 登录号 | 条形码 | 馆藏地/架位号 | 状态 | 备注 |
| 1 | 1040005 | 210400056 | 第一样本阅览室/ [索取号:F126.2/326] | 在馆 | |
| 2 | 1040006 | 210400065 | 第一借阅区/ [索取号:F126.2/326] | 在馆 | |
| 3 | 1040007 | 210400074 | 第一借阅区/ [索取号:F126.2/326] | 在馆 | |
| 4 | 1040008 | 210400083 | 密集书库-海洋学院/ [索取号:F126.2/326] | 在馆 | |
| 5 | 1040009 | 210400092 | 第一借阅区/ [索取号:F126.2/326] | 在馆 |